Southville International School and Colleges
Your cart is empty.
  • Cart
  • Lists
    Public lists Eva Luna New books Lux_list list_1
    Your lists Log in to create your own lists
  • Log in to your account
  • Your cookies
  • Search history
Southville International School and Colleges
  • Advanced search
  • Recent comments
  • Most popular
  • Libraries

Log in to your account

Log in with GOOGLE


If you do not have an external account, but do have a local account, you can still log in:

  1. Home
  2. MARC view: Are interim management statements redundant?
Normal view MARC view ISBD view

Are interim management statements redundant? (Record no. 316090)

[ view plain ]
MARC details
000 -LEADER
fixed length control field 00418nam a2200145Ia 4500
008 - FIXED-LENGTH DATA ELEMENTS--GENERAL INFORMATION
fixed length control field 170224s9999 xx 000 0 und d
100 ## - MAIN ENTRY--PERSONAL NAME
Personal name Thomas Schleicher
245 ## - TITLE STATEMENT
Title Are interim management statements redundant?
245 ## - TITLE STATEMENT
Statement of responsibility, etc Thomas Schleicher & Martin Walker
260 ## - PUBLICATION, DISTRIBUTION, ETC. (IMPRINT)
Name of publisher, distributor, etc Accounting and Business Research
260 ## - PUBLICATION, DISTRIBUTION, ETC. (IMPRINT)
Date of publication, distribution, etc 2015
300 ## - PHYSICAL DESCRIPTION
Extent 45:2, pages 229-255
650 ## - SUBJECT ADDED ENTRY--TOPICAL TERM
General subdivision Accountancy
650 ## - SUBJECT ADDED ENTRY--TOPICAL TERM
General subdivision Accounting
Holdings
Withdrawn status Lost status Damaged status Home library Current library Date acquired Total Checkouts Date last seen Price effective from Koha item type
      College Library College Library 02/24/2017   02/24/2017 02/24/2017 Periodicals

Are interim management statements redundant?

APA

Thomas Schleicher, .Are interim management statements redundant?. : Accounting and Business Research.

Chicago

Thomas Schleicher, .Are interim management statements redundant?. : Accounting and Business Research.

Harvard

Thomas Schleicher, .Are interim management statements redundant?. : Accounting and Business Research.

MLA

Thomas Schleicher, .: Accounting and Business Research. .

  • Place hold
  • Print
  • Cite
  • Add to your cart (remove)
  • Save record
    BIBTEX Dublin Core MARCXML MARC (non-Unicode/MARC-8) MARC (Unicode/UTF-8) MARC (Unicode/UTF-8, Standard) MODS (XML) RIS
  • More searches
    Search for this title in:
    Other Libraries (WorldCat) Other Databases (Google Scholar) Online Stores (Bookfinder.com) Open Library (openlibrary.org)

Exporting to Dublin Core...

SOUTHVILLE LIBRARY

Southville International School and Colleges Library

1281 Tropical Ave. Cor. Luxembourg St., BF Homes International, Las Pinas City

Tel. No. 8256374 / 252358 Loc. 117/146

Powered by Koha